Które państwo jest większe? cz.1 - Statystyki

Ogólne statystyki
  • Ten quiz został rozwiązany 324 razy
  • Średni wynik to 8 z 15
Statystyki odpowiedzi
Zagadnienie Odpowiedź % Poprawnych
Które państwo jest większe? Francja
100%
Które państwo jest większe? Brazylia
89%
Które państwo jest większe? Bhutan
67%
Które państwo jest większe? Chorwacja
67%
Które państwo jest większe? Tajlandia
67%
Które państwo jest większe? Turcja
67%
Które państwo jest większe? Argentyna
56%
Które państwo jest większe? Korea Północna
56%
Które państwo jest większe? Chiny
44%
Które państwo jest większe? Libia
44%
Które państwo jest większe? Litwa
33%
Które państwo jest większe? Nowa Zelandia
33%
Które państwo jest większe? Andora
22%
Które państwo jest większe? Jemen
22%
Które państwo jest większe? Estonia
11%
Nie znaleziono quizów pasujących do podanych kryteriów
Rozkład punktacji
Procent ludzi z każdym wynikiem
Percentyl według liczby udzielonych odpowiedzi
Twoja historia wyników
Nie rozwiązałeś tego quizu